000 01200cab a2200241 4500
001 ABS52866
008 090401t1995 xxu||||| |||| 00| 0 eng d
035 _a(Sirsi) u554
041 _aeng
245 _aHallows v Welsh Office
260 _c1995
350 _a0
490 _aEstates Gazette
_v(1995) 21 EG 126-133(8)
520 _aLT 23 January 1995. H claimed for depreciation in the value of his property attributable to a bypass, claiming that the Land Compensation Act 1973 required proof only of depreciation in value of the subject property and not proof of open market value before and after the opening of the bypass; thus national evidence was admissible along with local evidence. W denied there had been any depreciation and sought to have the hearing dismissed for lack of evidence. Held, the subject property benefited from the bypass and no compensation was payable.
650 _aBYPASS
650 _aCOMPENSATION
650 _aDEPRECIATION IN VALUE
650 _aLAND COMPENSATION ACT 1973
650 _aOPEN MARKET VALUE
690 _aENVIRONMENTAL AND LAND CONSULTANCY-PLANNING AND DEVELOPMENT-COMPULSORY PURCHASE AND COMPENSATION
942 _n0
948 _c04/03/1997
999 _c260
_d260